000
00315nam a22001217a 4500
082
_a
954.91
_b
MAL
100
_a
Capt.Iftikhar Ahmed Malik
245
_a
History of Pakistan Merchant Navy 1947-2025
260
_a
Karachi:
_b
Farid Printing Press;
_c
2025.
300
_a
209p.
563
_a
HB
942
_2
ddc
_c
BK
999
_c
617402
_d
617402